Les grandes dates de l’histoire des États-Unis - Statistiques

Statistiques générales
  • Ce quiz a été pris 13 fois
  • Le résultat moyen est 2 sur 9
Statistiques - réponses
Hint Réponse % Correct
26 novembre 1620 Arrivée du Mayflower
36%
24 octobre 1929 Crise économique
36%
31 janvier 1865 Abolition esclavage
18%
20 janvier 2009 Premier président noir
18%
7 décembre 1941 Seconde guerre mondiale
18%
2 juillet 1964 Abolition ségregation
9%
4 juillet 1776 Indépendance USA
9%
11 septembre 2001 Tragédie du Nine eleven
9%
1898 Victoire contre l’espagne
0%
Aucun quiz correspondant
Distribution des résultats
% des personnes avec chaque résultat
Percentile par nombre de réponses
Votre historique - résultats
Vous n’avez pas pris ce quiz